<?xml version="1.0" encoding="UTF-8"?><?xml-stylesheet type="text/xsl" href="static/style.xsl"?><OAI-PMH xmlns="http://www.openarchives.org/OAI/2.0/" xmlns:xsi="http://www.w3.org/2001/XMLSchema-instance" xsi:schemaLocation="http://www.openarchives.org/OAI/2.0/ http://www.openarchives.org/OAI/2.0/OAI-PMH.xsd"><responseDate>2026-04-17T14:09:39Z</responseDate><request verb="GetRecord" identifier="oai:www.recercat.cat:2445/174127" metadataPrefix="marc">https://recercat.cat/oai/request</request><GetRecord><record><header><identifier>oai:recercat.cat:2445/174127</identifier><datestamp>2025-12-06T04:07:22Z</datestamp><setSpec>com_2072_1057</setSpec><setSpec>col_2072_478798</setSpec><setSpec>col_2072_478916</setSpec><setSpec>col_2072_478917</setSpec></header><metadata><record xmlns="http://www.loc.gov/MARC21/slim" xmlns:dcterms="http://purl.org/dc/terms/" xmlns:xsi="http://www.w3.org/2001/XMLSchema-instance" xmlns:doc="http://www.lyncode.com/xoai" xsi:schemaLocation="http://www.loc.gov/MARC21/slim http://www.loc.gov/standards/marcxml/schema/MARC21slim.xsd">
   <leader>00925njm 22002777a 4500</leader>
   <datafield ind2=" " ind1=" " tag="042">
      <subfield code="a">dc</subfield>
   </datafield>
   <datafield ind2=" " ind1=" " tag="720">
      <subfield code="a">Lievens, Yolande</subfield>
      <subfield code="e">author</subfield>
   </datafield>
   <datafield ind2=" " ind1=" " tag="720">
      <subfield code="a">Borràs Andrés, Josep Maria</subfield>
      <subfield code="e">author</subfield>
   </datafield>
   <datafield ind2=" " ind1=" " tag="720">
      <subfield code="a">Grau, Cai</subfield>
      <subfield code="e">author</subfield>
   </datafield>
   <datafield ind2=" " ind1=" " tag="260">
      <subfield code="c">2021-02-22T12:35:13Z</subfield>
   </datafield>
   <datafield ind2=" " ind1=" " tag="260">
      <subfield code="c">2021-02-22T12:35:13Z</subfield>
   </datafield>
   <datafield ind2=" " ind1=" " tag="260">
      <subfield code="c">2020-07</subfield>
   </datafield>
   <datafield ind2=" " ind1=" " tag="260">
      <subfield code="c">2021-02-22T12:35:13Z</subfield>
   </datafield>
   <datafield ind2=" " ind1=" " tag="520">
      <subfield code="a">Radiation therapy is one of the core components of multidisciplinary cancer care. Although ~ 50% of all European cancer patients have an indication for radiotherapy at least once in the course of their disease, more than one out of four cancer patients in Europe do not receive the radiotherapy they need. There are multiple reasons for this underutilisation, with limited availability of the necessary resources - in terms of both trained personnel and equipment - being a major underlying cause of suboptimal access to radiotherapy. Moreover, large variations across European countries are observed, not only in available radiotherapy equipment and personnel per inhabitant or per cancer patient requiring radiotherapy, but also in workload. This variation is in part determined by the country's gross national income. Radiation therapy and technology are advancing quickly; hence, recommendations supporting resource planning and investment should reflect this dynamic environment and account for evolving treatment complexity and fractionation schedules. The forecasted increase in cancer incidence, the rapid introduction of innovative cancer treatments and the more active involvement of patients in the healthcare discussion are all factors that should be taken under consideration. In this continuously changing oncology landscape, reliable data on the actual provision and use of radiotherapy, the optimal evidence-based demand and the future needs are crucial to inform cancer care planning and address and overcome the current inequalities in access to radiotherapy in Europe.</subfield>
   </datafield>
   <datafield tag="653" ind2=" " ind1=" ">
      <subfield code="a">Càncer</subfield>
   </datafield>
   <datafield tag="653" ind2=" " ind1=" ">
      <subfield code="a">Radioteràpia</subfield>
   </datafield>
   <datafield tag="653" ind2=" " ind1=" ">
      <subfield code="a">Europa</subfield>
   </datafield>
   <datafield tag="653" ind2=" " ind1=" ">
      <subfield code="a">Cancer</subfield>
   </datafield>
   <datafield tag="653" ind2=" " ind1=" ">
      <subfield code="a">Radiotherapy</subfield>
   </datafield>
   <datafield tag="653" ind2=" " ind1=" ">
      <subfield code="a">Europe</subfield>
   </datafield>
   <datafield ind2="0" ind1="0" tag="245">
      <subfield code="a">Provision and use of radiotherapy in europe</subfield>
   </datafield>
</record></metadata></record></GetRecord></OAI-PMH>